Fábulas esópicas (Registro nro. 3250)

Detalles MARC
000 - LÍDER
campo de control de longitud fija 00843nam a2200277Ia 4500
005 - FECHA Y HORA DE LA ÚLTIMA TRANSACCIÓN
campo de control 20210727153142.0
008 - ELEMENTOS DE DATOS DE LONGITUD FIJA - INFORMACIÓN GENERAL
campo de control de longitud fija 141031s9999 xx 000 0 und d
020 ## - INTERNATIONAL STANDARD BOOK NUMBER
International Standard Book Number 9788489163669
040 ## - FUENTE DE CATALOGACIÓN
Agencia de catalogación original CO-BoRNBP
Lenguaje de catalogación spa
Descripción convenciones rda
Agencia de transcripción CO-BoRNBP
084 ## - OTRO NÚMERO DE CLASIFICACIÓN
Número de clasificación P ESO1
100 10 - ENTRADA PRINCIPAL - NOMBRE PERSONAL
Nombre de la persona Esopo, 620 a.C.-560 a.C.
245 10 - TÍTULO DECLARACIÓN
Título Fábulas esópicas
Declaración de responsabilidad Esopo ; traducción A. Martínez Aguilar
250 ## - DECLARACIÓN DE EDICIÓN
Sentencia de edición 5a ed.
264 ## - AVISO DE PRODUCCIÓN, PUBLICACIÓN, DISTRIBUCIÓN, FABRICACIÓN Y DERECHOS DE AUTOR
Lugar de producción Madrid
Nombre del productor Jorge A. Mestas
Fecha de producción 2010
300 ## - DESCRIPCIÓN FÍSICA
Alcance 156 páginas
336 ## - TIPO DE CONTENIDO
Tipo de contenido texto
Código de tipo de contenido txt
Fuente rdacontent
337 ## - TIPO DE MEDIO
Término del tipo de medio sin mediación
Código de tipo de medio n
Fuente rdamedia
338 ## - TIPO DE PORTADOR
Término del tipo de operador volumen
Código de tipo de operador nc
Fuente rdacarrier
500 ## - NOTA GENERAL
Nota general Edición íntegra
650 14 - ENTRADA DE SUJETO AÑADIDO - TÉRMINO TÓPICO
Término tópico o elemento de entrada del nombre geográfico Animales
Fuente del título o término LEMB
Subdivisión general Colecciones
650 14 - ENTRADA DE SUJETO AÑADIDO - TÉRMINO TÓPICO
Término tópico o elemento de entrada del nombre geográfico Fabulas griegas
Fuente del título o término LEMB
650 14 - ENTRADA DE SUJETO AÑADIDO - TÉRMINO TÓPICO
Término tópico o elemento de entrada del nombre geográfico Literatura griega
Fuente del título o término LEMB
650 14 - ENTRADA DE SUJETO AÑADIDO - TÉRMINO TÓPICO
Término tópico o elemento de entrada del nombre geográfico Autores griegos
Fuente del título o término LEMB
700 10 - ENTRADA AGREGADA - NOMBRE PERSONAL
Nombre de la persona Martínez Aguilar, A.
942 ## - ELEMENTOS DE ENTRADA AGREGADOS (KOHA)
Fuente de clasificación o esquema de estanterías
Tipo de artículo Koha Libro
Existencias
Estado de retirada Pérdida de estatus Fuente de clasificación o esquema de estanterías Estado dañado No para préstamo Código de recogida Ubicación permanente Ubicación actual Ubicación de las estanterías Fecha de adquisición Fuente de adquisición Total de Cajas Número Topográfico Código de barras Precio efectivo desde Número de copia Fecha de la última vez que se vio Tipo de artículo Koha
    Dewey Decimal Classification     General Biblioteca Pública Municipal Isaías Naranjo Ríos Biblioteca Pública Municipal Isaías Naranjo Ríos Área General 09/10/2012 Dotación ministerio de cultura   P ESO1 API01 - 2639 08/10/2024 Ej. 1 08/10/2024 Libro